00446nam a2200181Ia 4500008004100000020001800041245003100059245003300090245002000123260001500143260001600158260000900174300001500183300002500198300001000223440002300233500000800256170705s9999 xx 000 0 und d a9780531258552 aMilk, yogurt, and cheese : bthe new food guide pyramid / cEmily K. Green. aNew York : bScholastic, c2011 a24 pages : bcolor illustration ; c23cm. aBlastoff! Readers. a480